MARC details
| 000 -CABECERA |
| campo de control de longitud fija |
02970nam a22003854i 4500 |
| 001 - NÚMERO DE CONTROL |
| campo de control |
991061259883106706 |
| 003 - IDENTIFICADOR DEL NÚMERO DE CONTROL |
| campo de control |
ES-BaIT |
| 005 - FECHA Y HORA DE LA ÚLTIMA TRANSACCIÓN |
| campo de control |
20260209100953.0 |
| 008 - DATOS DE LONGITUD FIJA--INFORMACIÓN GENERAL |
| campo de control de longitud fija |
241224s2024 sp a|||| |00 0|spa c |
| 017 ## - NÚMERO DE COPYRIGHT O DE DEPÓSITO LEGAL |
| Número de copyright o de depósito legal |
DL G 00559-2024 |
| Agencia que asigna |
Oficina DL Vitoria |
| 020 ## - NÚMERO INTERNACIONAL ESTÁNDAR DEL LIBRO |
| Número Internacional Estándar del Libro |
9788412824827 |
| 035 ## - NÚMERO DE CONTROL DEL SISTEMA |
| Número de control de sistema |
(OCoLC)1519575393 |
| 040 ## - FUENTE DE LA CATALOGACIÓN |
| Centro catalogador/agencia de origen |
ES-BaMNA |
| Lengua de catalogación |
cat |
| Normas de descripción |
rda |
| Centro/agencia transcriptor |
ES-BaMNA |
| 080 ## - NÚMERO DE LA CLASIFICACIÓN DECIMAL UNIVERSAL |
| Número de la Clasificación Decimal Universal |
7.071-055.2 |
| 245 00 - MENCIÓN DE TÍTULO |
| Título |
Cosmología esotérica : |
| Resto del título |
arte, ciencia, espiritualidad y utopía de mujeres visionarias / |
| Mención de responsabilidad, etc. |
Pilar Bonet Julve, María José González Madrid, eds. |
| 246 30 - FORMA VARIANTE DE TÍTULO |
| Título propio/Titulo breve |
Arte, ciencia, espiritualidad y utopía de mujeres visionarias |
| 264 #1 - PRODUCCIÓN, PUBLICACIÓN, DISTRIBUCIÓN, FABRICACIÓN Y COPYRIGHT |
| Producción, publicación, distribución, fabricación y copyright |
Vitoria-Gasteiz : |
| Nombre del de productor, editor, distribuidor, fabricante |
Sans Soleil Ediciones, |
| Fecha de producción, publicación, distribución, fabricación o copyright |
2024 |
| 300 ## - DESCRIPCIÓN FÍSICA |
| Extensión |
255 pàgines : |
| Otras características físicas |
il·lustracions en color ; |
| Dimensiones |
23 cm |
| 336 ## - TIPO DE CONTENIDO |
| Término de tipo de contenido |
text |
| Código de tipo de contenido |
txt |
| Fuente |
rdacontent |
| 337 ## - TIPO DE MEDIO |
| Nombre/término del tipo de medio |
sense mediació |
| Código del tipo de medio |
n |
| Fuente |
rdamedia |
| 338 ## - TIPO DE SOPORTE |
| Nombre/término del tipo de soporte |
volum |
| Código del tipo de soporte |
nc |
| Fuente |
rdacarrier |
| 490 1# - MENCIÓN DE SERIE |
| Mención de serie |
Colección Lingua Ignota |
| 504 ## - NOTA DE BIBLIOGRAFÍA, ETC. |
| Nota de bibliografía, etc. |
Referències bibliogràfiques |
| 520 ## - SUMARIO, ETC. |
| Sumario, etc. |
"Este es un libro que tiene como protagonistas a algunas mujeres visionarias que, desde finales del siglo XIX, vincularon sus impulsos místicos e investigaciones espirituales a prácticas artísticas y creativas. Casi todas lo hicieron desde Europa, aunque muchas tuvieron en cuenta saberes y tradiciones de otros tiempos, lugares y culturas, algunas lejanas.Tras años de opacidad, asistimos hoy a una explosión de curiosidad y fervor por sus figuras: Hélène Smith, Madeleine Lebouc, Anna Mary Howitt, Barbara Leigh Smith, Elizabeth Siddal, Margaret WattsHughes, Lili Kolisko, Hilma af Klint, Emma Kunz, Nina Karasek, Elizabeth Wilkinson, Georgiana Houghton, Alice Essington Nelson, Florence Seth, Ethel Le Rosignol, Cicely Martin, Madge Gill, Mary Willis, Josefa Tolrà, Julia Aguilar,Ana de España, Leonora Carrington y Remedios Varo.Se interesaron por las nuevas espiritualidades y los saberes holísticos: el espiritismo, la teosofía, la antroposofía y el interés por antiguas tradiciones herméticas. También por las investigaciones científicas empeñadas en visibilizar lo oculto. Practicaron las nuevas ideas y políticas del socialismo utópico, el anarquismo y el feminismo, basadas en la justicia social y la fraternidad. Y generaron una explosión de apuestas creativas para dar formas a la voluntad de trascendencia y comunicación con mundos más allá del nuestro, de sanación del espíritu y de trazado de caminos de conocimiento que acompañaron su necesidad de transformación de la vida y del mundo." -- Contracoberta |
| 650 #0 - PUNTO DE ACCESO ADICIONAL DE MATERIA--TÉRMINO DE MATERIA |
| Término de materia o nombre geográfico como elemento de entrada |
Art brut |
| Fuente del encabezamiento o término |
lemac |
| 9 (RLIN) |
168368 |
| 650 #0 - PUNTO DE ACCESO ADICIONAL DE MATERIA--TÉRMINO DE MATERIA |
| Término de materia o nombre geográfico como elemento de entrada |
Espiritualitat en l'art |
| Fuente del encabezamiento o término |
lemac |
| 9 (RLIN) |
168369 |
| 650 #7 - PUNTO DE ACCESO ADICIONAL DE MATERIA--TÉRMINO DE MATERIA |
| Término de materia o nombre geográfico como elemento de entrada |
Dones artistes |
| 9 (RLIN) |
56713 |
| 650 #0 - PUNTO DE ACCESO ADICIONAL DE MATERIA--TÉRMINO DE MATERIA |
| Término de materia o nombre geográfico como elemento de entrada |
Ocultisme en l'art |
| Fuente del encabezamiento o término |
lemac |
| 9 (RLIN) |
161810 |
| 700 1# - ENTRADA AGREGADA--NOMBRE PERSONAL |
| Nombre de persona |
Bonet, Pilar, |
| Fechas asociadas al nombre |
1956- |
| Término indicativo de función/relación |
editor literari |
| 9 (RLIN) |
9007 |
| 700 1# - ENTRADA AGREGADA--NOMBRE PERSONAL |
| Nombre de persona |
González Madrid, María José |
| Término indicativo de función/relación |
editor literari |
| 9 (RLIN) |
168371 |
| 830 ## - PUNTO DE ACCESO ADICIONAL DE SERIE-TÍTULO UNIFORME |
| Título uniforme |
Lingua ignota |
| 9 (RLIN) |
161811 |
| 908 ## - COLOCAR PARÁMETRO DE COMANDO (RLIN) |
| Colocar parámetro de comando |
MNAC |
| -- |
MACBA |
| -- |
UB |
| -- |
CDMAE |
| 940 ## - EQUIVALENCIA O REFERENCIA-CRUZADA--TÍTULO UNIFORME [OBSOLETO] [solamente CAN/MARC] |
| Título uniforme |
<a href="DIBA">DIBA</a> |
| Fecha de la firma de un tratado |
CVA38 |
| 942 ## - ELEMENTOS DE ENTRADA AGREGADA (KOHA) |
| Fuente del sistema de clasificación o colocación |
Clasificación decimal universal |
| Tipo de ítem Koha |
Llibre |